| 000 | 01433nam a2200313 c 4500 | ||
|---|---|---|---|
| 999 |
_c100400 _d100400 |
||
| 003 | BLK | ||
| 005 | 20210312101744.0 | ||
| 008 | 180409b bul|||||r ||||||| ||bul|| | ||
| 010 | _aKNG00105419000 | ||
| 040 | _aBLK | ||
| 041 |
_aBUL _cBUL |
||
| 080 |
_aЛитература на отделни езици и езикови семейства _b821 _x-1 _z821-1 |
||
| 139 |
_aЗападноевропейски поети романтици _bЗ 33 |
||
| 245 | 1 | 0 |
_aЗападноевропейски поети романтици _bАнтология _cсъстав. Людмила Стефанова; прев. Спас Николов Николов; послесл. от Миглена Николчина. |
| 257 | _aBGR | ||
| 260 |
_bОтечество _c1989 |
||
| 300 |
_a192 с. _c21 см |
||
| 380 | _aX | ||
| 490 | 1 | _aБиблиотека за ученика | |
| 500 | _aСъдържа и кратки биогр. данни за включените в антологията авт. | ||
| 700 | 1 |
_aСтефанова, Людмила _eсъстав. _gЙомтова, Людмила Стефанова _9368285 |
|
| 700 | 1 |
_aНиколов, Спас Николов _eпрев. _9374654 |
|
| 700 | 1 |
_aНиколчина, Миглена _eпослесл. от _9364093 |
|
| 852 | _aЦб 156382 | ||
| 856 | 4 | _qpdf | |
| 856 | 4 | _qpdf | |
| 942 |
_cKNG _n0 _01 |
||
| 944 |
_aCR _c01.01.1999 _kЛюдмила_Стоянова |
||
| 944 |
_aED _c20.10.2010 |
||
| 999 | _d100400 | ||